[Event "Buenos Aires 110 Years Argentino CC"]
[Site "Buenos Aires"]
[Date "2015.04.22"]
[Round "5.6"]
[White "Vazquez, Maximiliano"]
[Black "Valente, Hector Manuel"]
[Result "1-0"]
[WhiteElo "2120"]
[BlackElo "1794"]
[PlyCount "63"]
[EventDate "2015.04.09"]
[EventType "swiss"]
[EventRounds "9"]
[EventCountry "ARG"]
[SourceTitle "EXT 2024"]
[Source "ChessBase"]
[SourceDate "2023.10.10"]
[SourceVersion "1"]
[SourceVersionDate "2023.10.10"]
[SourceQuality "1"]

1. d4 Nf6 2. c4 e6 3. Nc3 d5 4. cxd5 exd5 5. Bg5 Bb4 6. e3 0-0 7. Bd3 Bxc3+ 8. bxc3 c6 9. Ne2 Bg4 10. f3 Bh5 11. Nf4 Bg6 12. Nxg6 hxg6 13. 0-0 Nbd7 14. Rb1 b5 15. e4 Qc7 16. e5 Nh7 17. Be7 Rfe8 18. Bd6 Qc8 19. f4 Nb6 20. f5 gxf5 21. Bxf5 Qb7 22. Rf3 Nc4 23. Bxh7+ Kxh7 24. Rh3+ Kg8 25. Qh5 f6 26. Qh7+ Kf7 27. Rg3 Rg8 28. Rf1 Nxd6 29. Rxf6+ Ke7 30. Rxg7+ Rxg7 31. Qxg7+ Kd8 32. Rf8+ 1-0

[Event "Buenos Aires Nueva Generacion"]
[Site "Buenos Aires"]
[Date "2014.11.27"]
[Round "9"]
[White "Vazquez, Maximiliano"]
[Black "Meza, Anahi Silvina"]
[Result "1-0"]
[WhiteElo "2137"]
[BlackElo "1986"]
[PlyCount "73"]
[EventDate "2014.11.20"]
[EventType "tourn"]
[EventRounds "9"]
[EventCountry "ARG"]
[SourceTitle "CBM 163 Extra"]
[Source "ChessBase"]
[SourceDate "2014.12.23"]
[SourceVersion "1"]
[SourceVersionDate "2014.12.23"]
[SourceQuality "1"]

1. d4 Nf6 2. c4 c5 3. d5 e6 4. Nc3 exd5 5. cxd5 d6 6. e4 g6 7. f4 Bg7 8. Bb5+ Nfd7 9. Nf3 0-0 10. 0-0 a6 11. Bd3 b5 12. a3 Nf6 13. Kh1 Bg4 14. Qe1 Re8 15. Qh4 b4 16. axb4 cxb4 17. Nb5 Bxf3 18. Rxf3 Nxe4 19. Qxd8 Rxd8 20. Bxe4 Nd7 21. Nc7 Ra7 22. Nxa6 Rda8 23. Bd3 Nb8 24. Be3 Re7 25. Ra4 Nxa6 26. Rxa6 Rxa6 27. Bxa6 Bxb2 28. h3 Bc3 29. Bc4 Re8 30. Kg1 Rc8 31. Bb3 Ra8 32. Rf1 Re8 33. Kf2 f5 34. Rd1 Ra8 35. Ke2 Ra3 36. Rb1 Kg7 37. Kd3 1-0

[Event "Buenos Aires Nueva Generacion"]
[Site "Buenos Aires"]
[Date "2014.11.26"]
[Round "8"]
[White "Cuevas, Alex"]
[Black "Vazquez, Maximiliano"]
[Result "1-0"]
[WhiteElo "2262"]
[BlackElo "2137"]
[PlyCount "75"]
[EventDate "2014.11.20"]
[EventType "tourn"]
[EventRounds "9"]
[EventCountry "ARG"]
[SourceTitle "CBM 163 Extra"]
[Source "ChessBase"]
[SourceDate "2014.12.23"]
[SourceVersion "1"]
[SourceVersionDate "2014.12.23"]
[SourceQuality "1"]

1. c4 c5 2. g3 Nc6 3. Bg2 g6 4. Nc3 Bg7 5. e3 Bxc3 6. dxc3 d6 7. Nf3 Be6 8. Qe2 Qd7 9. Ng5 Bg4 10. f3 Be6 11. e4 0-0-0 12. h4 Kb8 13. Nxe6 Qxe6 14. Bh3 Qe5 15. Bf4 Qg7 16. 0-0-0 Nf6 17. g4 Nd7 18. g5 Rhf8 19. Be3 f5 20. exf5 gxf5 21. Rd5 f4 22. Bxd7 Rxd7 23. Bxc5 Rc7 24. Bd4 Qf7 25. b3 Rd8 26. Bf2 Ne5 27. Rhd1 Rdc8 28. Kb2 Qh5 29. R1d4 Rf8 30. c5 Nc6 31. cxd6 exd6 32. Re4 Rfc8 33. Rxf4 Ne7 34. Rxd6 Ng6 35. Ra4 a6 36. Rb4 Rc6 37. Rxc6 Rxc6 38. Qe8+ 1-0

[Event "Buenos Aires Nueva Generacion"]
[Site "Buenos Aires"]
[Date "2014.11.23"]
[Round "4"]
[White "Malbran, Guillermo"]
[Black "Vazquez, Maximiliano"]
[Result "1/2-1/2"]
[WhiteElo "2234"]
[BlackElo "2137"]
[PlyCount "65"]
[EventDate "2014.11.20"]
[EventType "tourn"]
[EventRounds "9"]
[EventCountry "ARG"]
[SourceTitle "CBM 163 Extra"]
[Source "ChessBase"]
[SourceDate "2014.12.23"]
[SourceVersion "1"]
[SourceVersionDate "2014.12.23"]
[SourceQuality "1"]

1. e4 c5 2. c3 Nf6 3. e5 Nd5 4. d4 cxd4 5. Nf3 e6 6. cxd4 b6 7. Nc3 Nxc3 8. bxc3 Qc7 9. Bd2 Bb7 10. Bd3 d6 11. 0-0 Nd7 12. Ng5 dxe5 13. Qh5 g6 14. Qh3 Bg7 15. Rae1 Bd5 16. f4 e4 17. Bxe4 Bxe4 18. Rxe4 Nf6 19. Rxe6+ Kf8 20. Re2 h6 21. Qf3 Rc8 22. Ne4 Nxe4 23. Rxe4 Bf6 24. f5 g5 25. Rfe1 Qc4 26. R4e2 b5 27. a3 a5 28. h4 b4 29. axb4 axb4 30. cxb4 Qxd4+ 31. Qf2 Qd6 32. h5 Kg7 33. Qf3 1/2-1/2

[Event "Buenos Aires Nueva Generacion"]
[Site "Buenos Aires"]
[Date "2014.11.23"]
[Round "5"]
[White "Vazquez, Maximiliano"]
[Black "Carraro, Denise"]
[Result "1-0"]
[WhiteElo "2137"]
[BlackElo "2068"]
[PlyCount "61"]
[EventDate "2014.11.20"]
[EventType "tourn"]
[EventRounds "9"]
[EventCountry "ARG"]
[SourceTitle "CBM 163 Extra"]
[Source "ChessBase"]
[SourceDate "2014.12.23"]
[SourceVersion "1"]
[SourceVersionDate "2014.12.23"]
[SourceQuality "1"]

1. d4 Nf6 2. c4 e6 3. Nc3 Bb4 4. e3 b6 5. Nge2 Ba6 6. a3 Bxc3+ 7. Nxc3 d5 8. b3 0-0 9. Be2 Nc6 10. a4 Na5 11. Ba3 Re8 12. 0-0 dxc4 13. b4 Nb3 14. Rb1 Nd5 15. Nxd5 Qxd5 16. Rxb3 cxb3 17. Bxa6 c6 18. Qd3 e5 19. Bc4 Qd7 20. d5 Red8 21. e4 cxd5 22. exd5 Qxa4 23. Qxb3 Qxb3 24. Bxb3 a5 25. b5 Rac8 26. Be7 Rd7 27. d6 Rc3 28. Bd5 Rd3 29. Rc1 g5 30. Bf6 h6 31. Rc8+ 1-0

[Event "Buenos Aires CC Argentino op"]
[Site "Buenos Aires"]
[Date "2014.04.30"]
[Round "2"]
[White "Vazquez, Maximiliano"]
[Black "Madeo, Domingo Federico"]
[Result "1-0"]
[WhiteElo "2164"]
[BlackElo "1693"]
[PlyCount "57"]
[EventDate "2014.04.24"]
[EventType "swiss"]
[EventRounds "9"]
[EventCountry "ARG"]
[SourceTitle "EXT 2016"]
[Source "ChessBase"]
[SourceDate "2015.10.08"]
[SourceVersion "1"]
[SourceVersionDate "2015.10.08"]
[SourceQuality "1"]

1. d4 Nf6 2. c4 c6 3. Nf3 d5 4. e3 g6 5. Nc3 Bg7 6. Be2 0-0 7. 0-0 h6 8. b4 Be6 9. c5 Ne4 10. Bb2 Nd7 11. a4 Qc7 12. b5 f5 13. a5 Bf7 14. a6 Nxc3 15. Bxc3 Nxc5 16. Bb4 Ne4 17. Rc1 Rac8 18. Qa4 Be8 19. Qa3 bxa6 20. Qxa6 Nd6 21. Ne5 Bxe5 22. dxe5 Nc4 23. Bxc4 dxc4 24. Rxc4 Bd7 25. e6 Be8 26. Bxe7 Qxe7 27. Qxc8 cxb5 28. Rc7 Qf6 29. e7 1-0

[Event "Buenos Aires Duchamp Boca op 3rd"]
[Site "Buenos Aires"]
[Date "2013.06.29"]
[Round "9"]
[White "Vazquez, Maximiliano"]
[Black "Leonoff, Leonardo"]
[Result "1-0"]
[WhiteElo "2170"]
[BlackElo "1935"]
[PlyCount "95"]
[EventDate "2013.06.20"]
[EventType "swiss"]
[EventRounds "9"]
[EventCountry "ARG"]
[SourceTitle "CBM 155 Extra"]
[Source "ChessBase"]
[SourceDate "2013.08.26"]
[SourceVersion "1"]
[SourceVersionDate "2013.08.26"]
[SourceQuality "1"]

1. d4 c5 2. d5 Nf6 3. c4 b5 4. cxb5 d6 5. Nc3 g6 6. e4 Bg7 7. Be2 0-0 8. Nf3 a6 9. b6 Nfd7 10. a4 a5 11. b7 Bxb7 12. 0-0 Na6 13. Nd2 Nb4 14. Nc4 Nb6 15. Na3 e6 16. dxe6 fxe6 17. Be3 Qe7 18. Qd2 Rad8 19. Rac1 Rc8 20. Bf4 d5 21. exd5 exd5 22. Bg4 Rce8 23. Ncb5 Rxf4 24. Qxf4 Nd3 25. Qc7 Nxc1 26. Qxb6 Nd3 27. Nc7 Nxf2 28. Be6+ Kh8 29. Qxb7 Rf8 30. Qxd5 Qxc7 31. Rxf2 Rd8 32. Rf7 Qb8 33. Rb7 Qa8 34. Rd7 Qxd5 35. Rxd5 Re8 36. Bg4 Bxb2 37. Nc4 Bc3 38. Bf3 Re1+ 39. Kf2 Rc1 40. Ke2 Re1+ 41. Kd3 Bd4 42. Nxa5 Ra1 43. Rd8+ Kg7 44. Bc6 Be5 45. Rd7+ Kh6 46. h3 Bd4 47. Nb3 Ra3 48. Kc4 1-0

[Event "Paraguay Gran Prix U2300 05"]
[Site "Paraguay"]
[Date "2013.05.30"]
[Round "4.1"]
[White "Vazquez, Maximiliano"]
[Black "Avila, Lucas"]
[Result "1/2-1/2"]
[WhiteElo "2184"]
[BlackElo "2200"]
[PlyCount "23"]
[EventDate "2013.05.22"]
[EventType "swiss"]
[EventRounds "9"]
[EventCountry "ARG"]
[SourceTitle "EXT 2024"]
[Source "ChessBase"]
[SourceDate "2023.10.10"]
[SourceVersion "1"]
[SourceVersionDate "2023.10.10"]
[SourceQuality "1"]

1. e4 e6 2. d4 d5 3. Nc3 Nf6 4. e5 Nfd7 5. f4 c5 6. Nf3 Nc6 7. Be3 cxd4 8. Nxd4 Bc5 9. Qd2 Bxd4 10. Bxd4 Nxd4 11. Qxd4 Qb6 12. Nb5 1/2-1/2

[Event "Buenos Aires Duchamp Memorial op 5th"]
[Site "Buenos Aires"]
[Date "2013.03.27"]
[Round "6"]
[White "Leskovar, Mario Leopoldo"]
[Black "Vazquez, Maximiliano"]
[Result "0-1"]
[WhiteElo "2333"]
[BlackElo "2134"]
[PlyCount "74"]
[EventDate "2013.03.23"]
[EventType "swiss"]
[EventRounds "8"]
[EventCountry "ARG"]
[SourceTitle "CBM 153 Extra"]
[Source "ChessBase"]
[SourceDate "2013.04.22"]
[SourceVersion "1"]
[SourceVersionDate "2013.04.22"]
[SourceQuality "1"]

1. e4 c5 2. Nf3 Nc6 3. Bb5 g6 4. 0-0 Bg7 5. Re1 e5 6. b4 cxb4 7. a3 Nge7 8. axb4 0-0 9. c3 d5 10. d3 d4 11. Bxc6 Nxc6 12. b5 Ne7 13. cxd4 exd4 14. Nbd2 Be6 15. Ba3 h6 16. Qa4 Qd7 17. Qb4 Rfe8 18. Bb2 Red8 19. Rec1 g5 20. Nb3 Ng6 21. Nc5 Qd6 22. Qd2 Bg4 23. Ne1 Qb6 24. f3 Bc8 25. Ra5 Nf4 26. Na4 Qg6 27. b6 a6 28. Rc7 Ne6 29. Rc4 Bd7 30. Rd5 Bb5 31. Rxd8+ Nxd8 32. Rb4 Nc6 33. Rxb5 axb5 34. Nc5 Bf8 35. Nb3 Ra2 36. Qc1 Qd6 37. Qd1 Qb4 0-1

[Event "American Continental 08th"]
[Site "Mar del Plata"]
[Date "2012.10.20"]
[Round "10"]
[White "Brizzi, Victor Emmanuel"]
[Black "Vazquez, Maximiliano"]
[Result "0-1"]
[WhiteElo "1930"]
[BlackElo "2112"]
[PlyCount "61"]
[EventDate "2012.10.12"]
[EventType "swiss"]
[EventRounds "11"]
[EventCountry "ARG"]
[SourceTitle "EXT 2013"]
[Source "ChessBase"]
[SourceDate "2012.11.22"]
[SourceVersion "1"]
[SourceVersionDate "2012.11.22"]
[SourceQuality "1"]

1. e4 e6 2. d3 d5 3. Qe2 Be7 4. Nf3 Nf6 5. g3 b5 6. Bg2 dxe4 7. dxe4 b4 8. Nbd2 Ba6 9. Nc4 0-0 10. b3 Nc6 11. Bb2 Bc5 12. h4 Qe7 13. 0-0 e5 14. Rad1 Rad8 15. Rd3 Nd7 16. Rfd1 f6 17. Bh3 Nb6 18. Rxd8 Rxd8 19. Rxd8+ Qxd8 20. Be6+ Kf8 21. Nfd2 Nd4 22. Bxd4 Qxd4 23. Nf3 Qa1+ 24. Kg2 Ke7 25. Bg8 Qxa2 26. Qd3 Qa1 27. h5 g5 28. hxg6 hxg6 29. Nh4 Qd4 30. Nxg6+ Ke8 31. Qxd4 0-1

[Event "American Continental 08th"]
[Site "Mar del Plata"]
[Date "2012.10.19"]
[Round "9"]
[White "Vazquez, Maximiliano"]
[Black "Gaitan, Juan Manuel"]
[Result "0-1"]
[WhiteElo "2112"]
[BlackElo "2266"]
[PlyCount "52"]
[EventDate "2012.10.12"]
[EventType "swiss"]
[EventRounds "11"]
[EventCountry "ARG"]
[SourceTitle "EXT 2013"]
[Source "ChessBase"]
[SourceDate "2012.11.22"]
[SourceVersion "1"]
[SourceVersionDate "2012.11.22"]
[SourceQuality "1"]

1. d4 Nf6 2. c4 e6 3. Nc3 Bb4 4. e3 d5 5. a3 Bxc3+ 6. bxc3 0-0 7. cxd5 exd5 8. Bd3 c5 9. Ne2 b6 10. 0-0 Ba6 11. Bxa6 Nxa6 12. Qd3 Nc7 13. f3 Re8 14. Ng3 Ne6 15. a4 Rc8 16. Bb2 Qc7 17. Rf2 Ng5 18. Re1 cxd4 19. cxd4 Qc4 20. Qd2 h6 21. Nf5 Rc6 22. h4 Ngh7 23. Rc1 Qxa4 24. Ra1 Qb5 25. Rxa7 Rce6 26. Ba3 Qb1+ 0-1

[Event "American Continental 08th"]
[Site "Mar del Plata"]
[Date "2012.10.18"]
[Round "8"]
[White "Arias, Juan Cruz"]
[Black "Vazquez, Maximiliano"]
[Result "0-1"]
[WhiteElo "1899"]
[BlackElo "2112"]
[PlyCount "124"]
[EventDate "2012.10.12"]
[EventType "swiss"]
[EventRounds "11"]
[EventCountry "ARG"]
[SourceTitle "EXT 2013"]
[Source "ChessBase"]
[SourceDate "2012.11.22"]
[SourceVersion "1"]
[SourceVersionDate "2012.11.22"]
[SourceQuality "1"]

1. e4 e6 2. Nf3 d5 3. Nc3 Nf6 4. e5 Nfd7 5. d4 c5 6. dxc5 Nc6 7. Bf4 Bxc5 8. Bd3 f6 9. exf6 Qxf6 10. Bg5 Qf7 11. Qe2 0-0 12. 0-0-0 Nf6 13. Rhe1 Bd7 14. Bh4 h6 15. Bg3 Nh5 16. Be5 Nf4 17. Bxf4 Qxf4+ 18. Kb1 Bb4 19. Bb5 Rf6 20. Qe3 Qc7 21. a3 Bd6 22. Ba4 a6 23. Bb3 Ne7 24. Re2 Rc8 25. Na4 b5 26. Nb6 Nf5 27. Nxd7 Nxe3 28. Nxf6+ gxf6 29. Rxe3 a5 30. Ne1 a4 31. Ba2 b4 32. axb4 a3 33. Rc3 Qb8 34. Rxc8+ Qxc8 35. bxa3 Qc3 36. Nd3 Qxa3 37. Re1 Kf7 38. Re3 Qa7 39. h3 Qd4 40. c3 Qb6 41. Re2 Qa6 42. Nc1 Bf4 43. Rc2 Qf1 44. Kb2 Qxg2 45. Nd3 Bd6 46. c4 dxc4 47. Bxc4 Qxh3 48. Re2 h5 49. Kc2 h4 50. Kd2 Qh2 51. Bxe6+ Kg7 52. Re3 Bf4 53. Nxf4 Qxf4 54. Ke2 f5 55. Bb3 Qg4+ 56. Ke1 f4 57. Re7+ Kf8 58. Rf7+ Ke8 59. Rh7 h3 60. Bf7+ Kf8 61. Bb3 Qg2 62. Ke2 Qe4+ 0-1

[Event "American Continental 08th"]
[Site "Mar del Plata"]
[Date "2012.10.17"]
[Round "7"]
[White "Vazquez, Maximiliano"]
[Black "Rodriguez, Carolina"]
[Result "1-0"]
[WhiteElo "2112"]
[BlackElo "1776"]
[PlyCount "71"]
[EventDate "2012.10.12"]
[EventType "swiss"]
[EventRounds "11"]
[EventCountry "ARG"]
[SourceTitle "EXT 2013"]
[Source "ChessBase"]
[SourceDate "2012.11.22"]
[SourceVersion "1"]
[SourceVersionDate "2012.11.22"]
[SourceQuality "1"]

1. d4 Nf6 2. c4 g6 3. Nc3 Bg7 4. e4 d6 5. Nf3 0-0 6. Be2 e5 7. 0-0 Nc6 8. d5 Ne7 9. b4 Ne8 10. c5 f5 11. Nd2 Nf6 12. Ba3 Rf7 13. f3 f4 14. Nc4 Bf8 15. cxd6 cxd6 16. b5 Ne8 17. Qb3 Kh8 18. Rfd1 Ng8 19. Bb4 Rg7 20. Nxe5 dxe5 21. Bxf8 Rd7 22. Bb4 g5 23. Na4 b6 24. Bc3 Qf6 25. Nb2 Ne7 26. Nc4 Ng6 27. Qb2 Rc7 28. Bxe5 Nxe5 29. Qxe5 Qxe5 30. Nxe5 Nd6 31. Nc6 a6 32. a4 Kg7 33. g4 a5 34. e5 Nf7 35. d6 Rb7 36. Bc4 1-0

[Event "American Continental 08th"]
[Site "Mar del Plata"]
[Date "2012.10.13"]
[Round "2"]
[White "March, Diego"]
[Black "Vazquez, Maximiliano"]
[Result "0-1"]
[WhiteElo "1822"]
[BlackElo "2112"]
[PlyCount "76"]
[EventDate "2012.10.12"]
[EventType "swiss"]
[EventRounds "11"]
[EventCountry "ARG"]
[SourceTitle "EXT 2013"]
[Source "ChessBase"]
[SourceDate "2012.11.22"]
[SourceVersion "1"]
[SourceVersionDate "2012.11.22"]
[SourceQuality "1"]

1. d4 Nf6 2. c4 e6 3. Nc3 Bb4 4. e3 c5 5. Nge2 cxd4 6. exd4 0-0 7. a3 Be7 8. Nf4 d5 9. cxd5 Nxd5 10. Nfxd5 exd5 11. Be2 Nc6 12. Bf3 Be6 13. 0-0 Rc8 14. Re1 Bf6 15. Be3 Na5 16. Rc1 Nc4 17. Qe2 Qd7 18. Qc2 Rc6 19. Be2 Bf5 20. Qa4 Nxb2 21. Qb5 Nc4 22. Qxd5 Nxe3 23. Qxd7 Bxd7 24. fxe3 Rfc8 25. Na2 Rc2 26. Rxc2 Rxc2 27. Nb4 Rc3 28. Bf3 Bh4 29. g3 Bg5 30. Kf2 b5 31. h4 Be7 32. Ra1 a5 33. Nd5 Rc2+ 34. Kg1 Bd6 35. Nf4 h6 36. a4 b4 37. Bd1 Rd2 38. Kf1 g5 0-1

[Event "LSS SA-2009-0-00058"]
[Site "LSS email"]
[Date "2009.05.18"]
[Round "?"]
[White "Bandiera, Aurelio"]
[Black "Vazquez, Maximiliano"]
[Result "1-0"]
[WhiteElo "2178"]
[BlackElo "2090"]
[PlyCount "21"]
[EventDate "2009.04.08"]
[EventType "tourn (corr)"]
[EventRounds "6"]
[EventCountry "GER"]
[SourceTitle "Corr 2013"]
[Source "ChessBase"]
[SourceDate "2012.11.12"]
[SourceVersion "1"]
[SourceVersionDate "2012.11.12"]
[SourceQuality "1"]
[WhiteTeam "US of America"]
[BlackTeam "US of America"]
[WhiteTeamCountry "USA"]
[BlackTeamCountry "USA"]

1. d4 Nf6 2. Nf3 e6 3. Bf4 c5 4. e3 cxd4 5. exd4 b6 6. Nbd2 Bb7 7. Bd3 d6 8. 0-0 Be7 9. Qe2 0-0 10. h3 a6 11. a4 1-0

[Event "LSS SA-2009-0-00058"]
[Site "LSS email"]
[Date "2009.05.17"]
[Round "?"]
[White "Herzog, Klaus"]
[Black "Vazquez, Maximiliano"]
[Result "1-0"]
[WhiteElo "1802"]
[BlackElo "2090"]
[PlyCount "31"]
[EventDate "2009.04.08"]
[EventType "tourn (corr)"]
[EventRounds "6"]
[EventCountry "GER"]
[SourceTitle "Corr 2013"]
[Source "ChessBase"]
[SourceDate "2012.11.12"]
[SourceVersion "1"]
[SourceVersionDate "2012.11.12"]
[SourceQuality "1"]
[WhiteTeam "US of America"]
[BlackTeam "US of America"]
[WhiteTeamCountry "USA"]
[BlackTeamCountry "USA"]

1. f4 d5 2. e3 Nf6 3. b3 Bg4 4. Nf3 Nbd7 5. Bb2 c6 6. h3 Bxf3 7. Qxf3 Qc7 8. Nc3 e5 9. 0-0-0 e4 10. Qf2 h5 11. Ne2 Bd6 12. Qh4 Qa5 13. Kb1 0-0-0 14. Nd4 Ba3 15. Nf5 Bxb2 16. Kxb2 1-0

[Event "LSS OP-2009-0-00847"]
[Site "LSS email"]
[Date "2009.05.15"]
[Round "?"]
[White "Prokopenko, Alexandr Valerievic"]
[Black "Vazquez, Maximiliano"]
[Result "1-0"]
[WhiteElo "2300"]
[BlackElo "2090"]
[PlyCount "41"]
[EventDate "2009.05.11"]
[EventType "tourn (corr)"]
[EventRounds "4"]
[EventCountry "GER"]
[SourceTitle "Corr 2011"]
[Source "ChessBase"]
[SourceDate "2010.08.31"]
[SourceVersion "1"]
[SourceVersionDate "2010.08.31"]
[SourceQuality "1"]

1. d4 Nf6 2. c4 e6 3. Nf3 Bb4+ 4. Bd2 Qe7 5. g3 Nc6 6. Nc3 Bxc3 7. Bxc3 Ne4 8. Rc1 Nxc3 9. Rxc3 d6 10. Bg2 0-0 11. 0-0 e5 12. d5 Nb8 13. Nd2 Na6 14. a3 Bd7 15. b4 Rad8 16. Qb3 c5 17. dxc6 Bxc6 18. Bxc6 bxc6 19. Rd1 e4 20. Qa4 Nb8 21. Nb3 1-0

[Event "LNA Puma Cup"]
[Site "Argentina"]
[Date "2006.10.07"]
[Round "6"]
[White "Shcherbine, Andrei"]
[Black "Vazquez, Maximiliano"]
[Result "1/2-1/2"]
[WhiteElo "2238"]
[BlackElo "2082"]
[PlyCount "94"]
[EventDate "2006.09.03"]
[EventType "swiss"]
[EventRounds "8"]
[EventCountry "ARG"]
[SourceTitle "EXT 2008"]
[Source "ChessBase"]
[SourceDate "2007.11.25"]
[SourceVersion "1"]
[SourceVersionDate "2007.11.25"]
[SourceQuality "1"]

1. e4 c5 2. Nf3 d6 3. d3 Nf6 4. g3 Nc6 5. Bg2 g6 6. 0-0 Bg7 7. Nbd2 0-0 8. c3 e5 9. Ne1 d5 10. exd5 Nxd5 11. Ne4 Qe7 12. c4 Nc7 13. Nc2 h6 14. Re1 f5 15. Nc3 Be6 16. Ne3 Rad8 17. Qa4 Rxd3 18. Bxc6 bxc6 19. Qxc6 Rf6 20. Na4 f4 21. Ng2 Bh3 22. Qxc5 Qd7 23. Nc3 Rc6 24. Qxa7 Qg4 25. Bxf4 Bxg2 26. Bxe5 Rd7 27. Kxg2 Rf7 28. Bxg7 Kxg7 29. Qe3 Qxc4 30. Rad1 Ne6 31. Qe5+ Kh7 32. Re4 Qa6 33. Rd2 Qb7 34. Qd5 Ng5 35. Rf4 Re7 36. Ne4 Ne6 37. Rf3 Qc7 38. Nf6+ Kg7 39. Ng4 Rc5 40. Qd6 Qb7 41. Rdd3 Rf5 42. Kg1 Ng5 43. Qd4+ Kh7 44. Nf6+ Rxf6 45. Qxf6 Rf7 46. Rb3 Nxf3+ 47. Kf1 Nd2+ 1/2-1/2

[Event "Ricardo Bosco Memorial"]
[Site "Buenos Aires"]
[Date "2004.08.19"]
[Round "1"]
[White "Vazquez, Maximiliano"]
[Black "Chtcherbine, Andrei"]
[Result "1/2-1/2"]
[WhiteElo "2087"]
[BlackElo "2202"]
[PlyCount "70"]
[EventDate "2004.08.19"]
[EventType "tourn"]
[EventRounds "9"]
[EventCountry "ARG"]
[SourceTitle "EXT 2005"]
[Source "ChessBase"]
[SourceDate "2004.11.15"]
[SourceVersion "1"]
[SourceVersionDate "2004.11.15"]
[SourceQuality "1"]

1. d4 d5 2. c4 dxc4 3. Nf3 Nf6 4. e3 e6 5. Bxc4 a6 6. a4 c5 7. 0-0 Nc6 8. dxc5 Qxd1 9. Rxd1 Bxc5 10. Nbd2 Ke7 11. Nb3 Ba7 12. Bd2 Rd8 13. Na5 Nxa5 14. Bb4+ Ke8 15. Rxd8+ Kxd8 16. Bxa5+ Ke8 17. Rd1 Bd7 18. Bb3 Ne4 19. Ne5 Nc5 20. Bb4 Bxa4 21. Bxa4+ Nxa4 22. Rd7 Bc5 23. Bxc5 Nxc5 24. Rc7 Rd8 25. Kf1 Nd7 26. Nc4 b6 27. Ke2 Kf8 28. f4 f6 29. b4 h5 30. Rb7 b5 31. Na5 Nb8 32. Nb3 Re8 33. Nc5 Kg8 34. Kf3 Kh7 35. h3 f5 1/2-1/2

[Event "Buenos Aires ITT FMDA"]
[Site "Buenos Aires"]
[Date "2003.??.??"]
[Round "?"]
[White "Vazquez, Maximiliano"]
[Black "Mahia, Gustavo"]
[Result "1/2-1/2"]
[WhiteElo "2124"]
[BlackElo "2377"]
[PlyCount "28"]
[EventDate "2003.02.15"]
[EventType "tourn"]
[EventRounds "11"]
[EventCountry "ARG"]
[EventCategory "2"]
[SourceTitle "EXT 2005"]
[Source "ChessBase"]
[SourceDate "2004.11.15"]
[SourceVersion "1"]
[SourceVersionDate "2004.11.15"]
[SourceQuality "1"]

1. d4 Nf6 2. c4 e6 3. Nc3 Bb4 4. f3 Bxc3+ 5. bxc3 d6 6. e4 Nbd7 7. Bd3 0-0 8. Ne2 e5 9. 0-0 Re8 10. Be3 c5 11. Qd2 Qe7 12. Rae1 Nf8 13. Ng3 Ng6 14. d5 h6 1/2-1/2